Mahabharata of Krishna - Dwaipayana Vyasa (Record no. 1320327)

MARC details
000 -LEADER
fixed length control field 01288nam a22002537a 4500
005 - DATE AND TIME OF LATEST TRANSACTION
control field 20250507143150.0
008 - FIXED-LENGTH DATA ELEMENTS--GENERAL INFORMATION
fixed length control field 250507b |||||||| |||| 00| 0 eng d
020 ## - INTERNATIONAL STANDARD BOOK NUMBER
International Standard Book Number 978-81-977347-7-9 (hbk)
037 ## - SOURCE OF ACQUISITION
Terms of availability REF
040 ## - CATALOGING SOURCE
Original cataloging agency CRL
Transcribing agency CRL
041 ## - LANGUAGE CODE
Source of code eng
Language code of text/sound track or separate title eng
Language code of original san
084 ## - COLON CLASSIFICATION NUMBER
Classification number O15,1A2:g(Q223) 111R4.1-.12
Assigning agency CRL
100 ## - MAIN ENTRY--PERSONAL NAME
Personal name Ganguli, Kisari Mohan
245 ## - TITLE STATEMENT
Title Mahabharata of Krishna - Dwaipayana Vyasa
260 ## - PUBLICATION, DISTRIBUTION, ETC.
Place of publication, distribution, etc. Delhi, India:
Name of publisher, distributor, etc. Shivalik Prakashan,
Date of publication, distribution, etc. 2024.
300 ## - PHYSICAL DESCRIPTION
Extent Vol. 1 (1p.-768p.), Vol. 2(1p.-639p.), Vol. 3 (1p.-670p.), Vol. 4 (1p.-832p.), Vol. 5 (1p.-515p.), Vol. 6 (1p.-795p.), Vol. 7 (1p.-856p.), Vol. 8(1p.-664p.), Vol. 9 (1p.-655p.), Vol. 10 (1p.-774p.), Vol. 11 (1p.-655p.), Vol. 12 (1p.-479p.)
365 ## - TRADE PRICE
Price amount 15000.00
Currency code INR
440 ## - SERIES STATEMENT/ADDED ENTRY--TITLE
Volume/sequential designation Vol. 1-12
650 ## - SUBJECT ADDED ENTRY--TOPICAL TERM
Topical term or geographic name entry element Mahabharat
650 ## - SUBJECT ADDED ENTRY--TOPICAL TERM
Topical term or geographic name entry element Sanskrit Literature
650 ## - SUBJECT ADDED ENTRY--TOPICAL TERM
Topical term or geographic name entry element Krishna
9 (RLIN) 755408
942 ## - ADDED ENTRY ELEMENTS (KOHA)
Source of classification or shelving scheme Colon Classification (CC)
Koha item type Reference
Classification part O15,1A2:g(Q223) 111R4.1-.12
Suppress in OPAC No

No items available.

Copyright @ Delhi University Library System